| 000 | 01053cam a22003014a 4500 | ||
|---|---|---|---|
| 001 | 14247941 | ||
| 003 | OSt | ||
| 005 | 20240315141550.0 | ||
| 008 | 060130s2006 maua b 001 0beng | ||
| 010 | _a 2006002692 | ||
| 020 | _a0750678399 (pbk. : alk. paper) | ||
| 020 | _a9780750678391 | ||
| 035 | _a(OCoLC)ocm63472516 | ||
| 040 |
_aDLC _cDLC _dMUST _dMUST _dDLC |
||
| 042 | _apcc | ||
| 082 | 0 | 0 |
_a003.5 WES _222 |
| 100 | 1 |
_aWescott, Tim. _916451 |
|
| 245 | 1 | 0 | _aApplied Control Theory for Embedded Systems |
| 260 |
_aAmsterdam; _bElsevier, _cc2006. |
||
| 300 |
_aix, 303 p. : _bill. ; _c24 cm. _e1 CD-ROM (4 3/4 in.) |
||
| 440 | 0 |
_aEmbedded technology series _916452 |
|
| 504 | _aIncludes bibliographical references (p. 295-296) and index. | ||
| 650 | 0 |
_aEmbedded systems _916453 |
|
| 650 | 0 |
_aDigital control systems _916454 |
|
| 856 | 4 | 1 |
_3Table of contents only _uhttp://www.loc.gov/catdir/toc/ecip067/2006002692.html |
| 856 | 4 | 2 |
_3Publisher description _uhttp://www.loc.gov/catdir/enhancements/fy0629/2006002692-d.html |
| 942 |
_2ddc _cBOOK |
||
| 999 |
_c8078 _d8078 |
||